| 000 | 00433nam a2200133Ia 4500 | ||
|---|---|---|---|
| 008 | 221007s9999 xx 000 0 und d | ||
| 041 | _aeng | ||
| 082 | _bKAM | ||
| 100 |
_aKamble Shrunoti - 2k141068; Dr.Rachana Shikhare - Guide & [Company Name] - XecuteHR Solutions Pvt Ltd _9103751 |
||
| 245 | _aAnalysis Of E-Gain Tool Used in TCL | ||
| 260 |
_cSep-15 _bSavitribai Phule Pune University _aPune |
||
| 300 | _a53p | ||
| 906 | _bGeneral | ||
| 999 |
_c75084 _d75084 |
||